000 00976nam a22003017a 4500
001 BR9402524
003 BR-BrBNA
005 20230928093926.0
007 ta
008 230509b bl.||||| |||| 00| 0 por d
040 _aBR-BrBNA
_bpor
_cBiblioteca Nacional de Agricultura
041 _a(Por)
072 _aQ04
_b2120
_b9205
_b0010
090 _ 2120 BR9402524
100 1 _aPrete, C.E.C.
110 1 _aEscola Superior de Agricultura Luiz de Queiroz, Piracicaba, SP (Brasil)
_0Tese (Doutor em Agronomia)
245 1 _aCondutividade eletrica do exsudato de graos de cafe (Coffea arabica L.)e sua relacao com a qualidade da bebida
260 3 _aPiracicaba, SP (Brasil):
_c1992.
300 _a125 p.
500 _aSummaries (Eng, Por); Bibliography p. 97-125 (185 ref.)
650 _aCafe
650 _aGrao
650 _aCafe Tratado
650 _aCondutividade Eletrica
650 _aAnalise Qualitativa
909 _a202309
_bLucia
_c55
_dLucia Elande
942 _cBK
999 _c47936
_d47936